书目信息 |
| 题名: |
感动青少年的感恩人生故事
|
|
| 作者: | 竭宝峰 主编 | |
| 分册: | ||
| 出版信息: | 沈阳 辽海出版社 2011.01 |
|
| 页数: | 200页 | |
| 开本: | 23cm | |
| 丛书名: | 感动青少年的千万个感恩故事 | |
| 单 册: | ||
| 中图分类: | I14 | |
| 科图分类: | ||
| 主题词: | 小说--作品集--世界 | |
| 电子资源: | ||
| ISBN: | 978-7-5451-0438-7 | |
| 000 | 00733nam 2200229 450 | |
| 001 | 1153696318 | |
| 005 | 20111230151028.84 | |
| 010 | @a978-7-5451-0438-7@dCNY25.00 | |
| 100 | @a20111230d2011 km y0chiy0120 ea | |
| 101 | 0 | @achi |
| 102 | @aCN@b210000 | |
| 105 | @ay z 000yy | |
| 200 | 1 | @a感动青少年的感恩人生故事@Agan dong qing shao nian de gan en ren sheng gu shi@f竭宝峰主编@Fjie bao feng zhu bian |
| 210 | @a沈阳@c辽海出版社@d2011.01 | |
| 215 | @a200页@d23cm | |
| 225 | 2 | @a感动青少年的千万个感恩故事 |
| 410 | 0 | @12001 @a感动青少年的千万个感恩故事 |
| 606 | 0 | @a小说@x作品集@x世界 |
| 690 | @aI14@v4 | |
| 701 | 0 | @a竭宝峰@Ajie bao feng@4主编 |
| 801 | 0 | @aCN@bZZRC@c20111230 |
| 905 | @a郑州市财税学校图书馆@dI14@eJ71645@f3 | |
| 感动青少年的感恩人生故事/竭宝峰主编.-沈阳:辽海出版社,2011.01 |
| 200页;23cm.-(感动青少年的千万个感恩故事) |
| ISBN 978-7-5451-0438-7:CNY25.00 |
| ● |
| 相关链接 |
|
|
|
正题名:感动青少年的感恩人生故事
索取号:I14/J71645
 
预约/预借
| 序号 | 登录号 | 条形码 | 馆藏地/架位号 | 状态 | 备注 |
| 1 | 1192204 | 211922044 | 文学库108/108文学库 3排1列5层/ [索取号:I14/J71645] | 在馆 | |
| 2 | 1192205 | 211922053 | 文学库108/108文学库 3排1列5层/ [索取号:I14/J71645] | 在馆 | |
| 3 | 1192206 | 211922062 | 文学库108/108文学库 3排1列5层/ [索取号:I14/J71645] | 在馆 |